000 00241nam a22001097a 4500
999 _c532186
_d532186
040 _cDLC
100 _aG.E.Petts
_925527
245 _aFlorial Hydrosystems
260 _aLondon
_bChapman and Hall
_cc1996
300 _ap;322
942 _2ddc
_cBK